000 00451cam a2200145 4500500
005 20251012011633.0
041 _afre
042 _adc
100 1 0 _aDenieuil, Marie
_eauthor
245 0 0 _aPlaton / “Gorgias”
260 _c2017.
500 _a14
786 0 _nPhilosophie magazine | 109 | 5 | 2017-05-01 | p. 39-39 | 1951-1787
856 4 1 _uhttps://shs.cairn.info/magazine-philosophie-magazine-2017-5-page-39?lang=fr&redirect-ssocas=7080
999 _c1523837
_d1523837